Przetłumacz z polskiego na niemiecki sezon 1 część 4 - klikanie - Statystyki

Ogólne statystyki
  • Ten quiz został rozwiązany 13 razy
  • Średni wynik to 18 z 19
Statystyki odpowiedzi
Hint Odpowiedź % Poprawnych
Być na Facebooku
auf Facebook sein
100%
Czatować chatten
100%
Zdjęcie das Foto
100%
Tutorial Das tutorial
100%
Komentarz der Kommentar
100%
Link der Link
100%
Folder der Ordner
100%
W Internecie Im Internet
100%
Być w internecie im internet sein
100%
Lajkować liken
100%
Tweetować twittern
100%
Uczyć się z tutoriali von Tutorials lernen
100%
Wstawiać link einen Link setzen
91%
Pisać komentarze Kommenentare schreiben
91%
Komentować kommentieren
91%
Być online online sein
91%
Mieć dużo folderów viele Order haben
91%
Korzystać z internetu ins internet gehen
73%
Być w sieci im Netz sein
45%
Nie znaleziono quizów pasujących do podanych kryteriów
Rozkład punktacji
Procent ludzi z każdym wynikiem
Percentyl według liczby udzielonych odpowiedzi
Twoja historia wyników
Nie rozwiązałeś tego quizu